| 000 | 02024cam a22003375a 4500 | ||
|---|---|---|---|
| 001 | 17673338 | ||
| 005 | 20161120155217.0 | ||
| 008 | 130326s2014 nyua frb 001 0 eng d | ||
| 010 | _a 2013010851 | ||
| 020 | _a0071086838 | ||
| 020 | _a9780071086837 | ||
| 040 |
_aDLC _beng _cDLC _dEG-ScBUE |
||
| 042 | _apcc | ||
| 082 | 0 | 4 |
_a657.3 _222 _bSUB |
| 100 | 1 |
_aSubramanyam, K. R. _94981 |
|
| 245 | 1 | 0 |
_aFinancial statement analysis / _cK. R. Subramanyam. |
| 250 | _a11th ed., international ed. | ||
| 260 |
_aNew York : _bMcGraw-Hill Education, _cc.2014. |
||
| 300 |
_axviii, 1 vol. (various pagings) : _bill. ; _c27 cm. |
||
| 500 | _aIndex : p. IN1-IN15. | ||
| 504 | _aBibliography : p. R1-R8. | ||
| 505 | _aChapter 1: Overview of Financial Statement Analysis -- Chapter 2: Financial Reporting and Analysis -- Chapter 3: Analyzing Financing Activities -- Chapter 4: Analyzing Investing Activities -- Chapter 5: Analyzing Investing Activities: Intercorporate Investments -- Chapter 6: Analyzing Operating Activities -- Chapter 7: Cash Flow Analysis -- Chapter 8: Return on Invested Capital and Profitability Analysis -- Chapter 9: Prospective Analysis -- Chapter 10: Credit Analysis -- Chapter 11: Equity Analysis and Valuation Comprehensive Case: Applying Financial Statement Analysis Appendix A Financial Statements Colgate Palmolive Co. Campbell Soup | ||
| 520 | _aEmphasizes effective business analysis and decision making by various stakeholders of the company. This book begins with an overview, followed by accounting analysis and then financial analysis. It presents a balanced view of analysis, including both equity and credit analysis, and both cash-based and earnings-based valuation models | ||
| 590 | _awessam | ||
| 650 | 7 |
_aFinancial statements. _2BUEsh _94982 |
|
| 651 | _2BUEsh | ||
| 653 |
_bBUSADM _cAugust 2016 |
||
| 653 |
_bBUSADM _cNovember2016 |
||
| 856 |
_uhttp://highered.mheducation.com/sites/0078110963/information_center_view0/index.html _yBook website |
||
| 942 |
_2ddc _e22 _k657.3 SUB |
||
| 999 |
_c22133 _d22105 |
||